000 00776nam a22002177a 4500
005 20250127115506.0
010 _aBACEN25
020 _a9789355019554
_c549.00
037 _bS. Chand
082 _a510
_21
100 _aAnand Kumar
_977094
245 _a NTA CSIR - NET/JRF Mathematical Sciences LINEAR ALGEBRA 2024/
_cBy Anand Kumar; D.C.Mishra [and] Yogesh Kumar
250 _a1
260 _aNew Delhi
_bS Chand and Company Limited
_c2023
270 _a A-27, 2nd Floor, Mohan Co-operative Industrial Estate
_bNew Delhi
_e110044
_minfo@schandpublishing.com
_k011-49731800
300 _a308p.
_c26cm(pb)
500 _aFor IIT-JAM, GATE
700 _aYogesh Kumar
_eAuthor
_975019
700 _aMishra, D.C.
_eAuthor
_975020
942 _2ddc
_cEN
_h510
_mANA
999 _c208726
_d208726